Science Quiz

Random Science or Animal Quiz

Weird-Looking Animals Quiz Stats

 Plays Quiz Updated Jul 23, 2016

Also try: Animal Puns
Challenge
Share
Tweet
Score 0/16 Timer 03:00
1 Play Today
% Correct
Black Rain Frog
95.8%
Goblin Shark
94.9%
Saiga antelope
93.9%
Thorny Dragon
93.6%
Hammerhead Bat
93%
Leafy Seadragon
90.5%
Panther Chameleon
89.2%
Anglerfish
88.7%
% Correct
Shoebill
88.5%
Hummingbird Hawk-Moth
88.4%
Red-lipped Batfish
88.2%
Bird of Paradise
87.2%
Antarctic Icefish (larva)
86.9%
Mantis Shrimp
84.4%
Pangolin
81.6%
Potoo
73.2%

You're not logged in!

Compare scores with friends on all Sporcle quizzes.
OR
Log In

You Might Also Like...

Show Comments

Extras

Top Quizzes Today


Score Distribution

Your Account Isn't Verified!

In order to create a playlist on Sporcle, you need to verify the email address you used during registration. Go to your Sporcle Settings to finish the process.

Report this User

Report this user for behavior that violates our Community Guidelines.

Details: